Представление документа в формате RUSMARC

ПолеНазваниеЗначение
  Тип записи a
  Библиографический уровень m
001 Контрольный номер RU/SLIB/B/250001593
005 Дата корректировки 20260203114922.5
010 Индекс ISBN __
a ISBN 978-5-16-002980-1
d Цена 125-12
101 Язык документа 0_
a Язык текста rus
c Язык оригинала rus
200 Заглавие и сведения об ответственности 1_
a Заглавие Организационное поведение
e Сведения, относящиеся к заглавию учеб. для студентов высш. учеб. заведений, обучающихся по направлению и специальности "Менеджмент"
f Первые сведения об ответственности Л. В. Карташова, Т. В. Никонова, Т. О. Соломанидина
b Общее обозначение материала Текст
205 Сведения об издании __
a Основные сведения об издании 2-е изд., перераб. и доп.
210 Выходные данные 1_
a Место издания М.
c Издательство ИНФРА-М
d Дата издания 2007
215 Физическое описание __
a Объем 382, [2] с.
225 Серия 2_
a Серия 100 лет Российской экономической академии имени Г. В. Плеханова
330 Аннотация __
a Аннотация Проблемы личности, группы и организации рассматриваются в тесной взаимосвязи друг с другом и вопросами повышения эффективности производства, укрепления дисциплины и сокращения текучести кадров. Центральное место в данном издании занимают такие важные практические вопросы, как способности и личностные качества работников, их удовлетворенность и отношение к труду, мотивация, и др.
606 Тематические рубрики __
a Основная рубрика Психология
2 Код системы nlr_sh
606 Тематические рубрики __
a Основная рубрика Экономика
2 Код системы nlr_sh
606 Тематические рубрики __
a Основная рубрика Социальная психология
2 Код системы nlr_sh
610 Ключевые слова 0_
a Ключевые слова организационная психология; организационное поведение; корпоративные отношения; личность; коммуникативное поведение; мотивация; лидерство; карьера; организационная культура; конфликты; мотивация; менеджеры; управление коллективом; теория личности; поведение человека; работники; личностные качества; ценности; ценностные процессы; мотивация персонала; социальная мотивация; компенсационная политика; нетрадиционная мотивация; группы; классификация групп; команды; власть; конфликты; переговоры; управление стрессом; стрессы; национальная культура; управление поведением; руководство; перемены
686 Индексы других классификаций __
a Классификационный индекс 88.56я73
2 Код системы rubbks
686 Индексы других классификаций __
a Классификационный индекс 65.290-2я73
2 Код системы rubbks
700 Автор _1
a Фамилия Карташова
b Имя Л. В.
g Полное личное имя Лариса Васильевна
4 Код отношения 070
701 Альтернативная интеллектуальная ответственность _1
a Фамилия Никонова
b Имя Т. В.
g Полное личное имя Татьяна Васильевна
4 Код отношения 070
701 Альтернативная интеллектуальная ответственность _1
a Фамилия Соломанидина
b Имя Т. О.
g Полное личное имя Татьяна Оттовна
4 Код отношения 070
801 Источник записи _0
a Страна RU
b Организация Муниципальное бюджетное учреждение культуры "Централизованная библиотечная система" г. Сургут (Центральная городская библиотека им. А. С. Пушкина)
g Правила каталогизации PSBO
801 Источник записи _1
a Страна RU
b Организация Муниципальное бюджетное учреждение культуры "Централизованная библиотечная система" г. Сургут (Центральная городская библиотека им. А. С. Пушкина)
g Правила каталогизации PSBO
852 Данные о местонахождении __
j Шифр хранения 88.56я73
c Каталожный индекс 88.5я73; 65.290-2я73
i Авторский знак К 27
901 Тип документа __
t Тип документа m
a Ответственный КиК/Котельникова
903 Характеристики (МАРС) __
a Дата передачи 20071205
c Наименование библиотеки (МАРС) Муниципальное бюджетное учреждение культуры "Централизованная библиотечная система" г. Сургут (Центральная городская библиотека им. А. С. Пушкина)
969 Тип издания __
a Тип издания учебник
990 Данные о заказе (DOS) __
j Количество экземпляров (DOS) 2
t N записи в КСУ для И/У (DOS) 200801